| 000 | 00874cam a2200217 i 4500 | ||
|---|---|---|---|
| 005 | 20260223102453.0 | ||
| 008 | 250721s2013 ua gr 000 0 ara d | ||
| 020 | _a9789773416034 | ||
| 082 | 1 | 4 |
_a414.3 _bك ر م |
| 100 | 1 |
_aالكرمي، مرعي بن يوسف _eمؤلف. |
|
| 245 | 1 | 0 |
_aكتاب القول البديع في علم البديع / _cتأليف الشيخ الإمام العالم العلامة مرعي بن يوسف الكرمي؛ تحقيق محمد عثمان. |
| 250 | _aالطبعة الأولى. | ||
| 264 | 3 | 1 |
_aالقاهرة : _bمكتبة الثقافة الدينية، _c2013. |
| 300 | _a165 صفحة. | ||
| 650 | 1 | 7 | _aاللغة العربية. |
| 650 | 1 | 7 | _aعلم البلاغة. |
| 650 | 1 | 7 | _aعلم البديع. |
| 700 | 1 |
_aعثمان، محمد _eمحقق. |
|
| 942 |
_2ddc _cBK |
||
| 999 |
_c136408 _d136408 |
||